| 000 | 00384nam a2200133Ia 4500 | ||
|---|---|---|---|
| 008 | 230801s9999||||xx |||||||||||||| ||und|| | ||
| 020 | _a9789352776566 | ||
| 082 |
_a658 _bK9637 |
||
| 100 | _aKumar, Nirmalya | ||
| 245 | 0 | _aThinking smart: how to master work, life and everything in-between | |
| 260 |
_aNoida _bHarper Collins Publishers _c2018 |
||
| 300 | _axviii, 286 p. | ||
| 942 | _cBK | ||
| 999 |
_c27117 _d27117 |
||